A+ : (Record no. 24541)

MARC details
000 -LEADER
fixed length control field 01229cam a2200325 a 4500
001 - CONTROL NUMBER
control field 2613928
003 - CONTROL NUMBER IDENTIFIER
control field OSt
005 - DATE AND TIME OF LATEST TRANSACTION
control field 20211228102413.0
008 - FIXED-LENGTH DATA ELEMENTS--GENERAL INFORMATION
fixed length control field 980513s1998 nyua b 001 0 eng
010 ## - LIBRARY OF CONGRESS CONTROL NUMBER
LC control number 98008181
020 ## - INTERNATIONAL STANDARD BOOK NUMBER
International Standard Book Number 1576102513 (pbk.)
040 ## - CATALOGING SOURCE
Original cataloging agency DLC
Transcribing agency HU
Modifying agency DLC
050 00 - LIBRARY OF CONGRESS CALL NUMBER
Classification number TK7885.54
Item number .J66 1998
082 00 - DEWEY DECIMAL CLASSIFICATION NUMBER
Classification number 621.39/16/0288
Edition number 21
100 1# - MAIN ENTRY--PERSONAL NAME
Personal name Jones, James G.
9 (RLIN) 25647
245 10 - TITLE STATEMENT
Title A+ :
Remainder of title covers the newest exam! /
Statement of responsibility, etc. James G. Jones, Craig Landes.
246 3# - VARYING FORM OF TITLE
Title proper/short title A plus
260 ## - PUBLICATION, DISTRIBUTION, ETC.
Place of publication, distribution, etc. Albany, NY :
Name of publisher, distributor, etc. Coriolis Group Books,
Date of publication, distribution, etc. c1998.
300 ## - PHYSICAL DESCRIPTION
Extent xxi, 490 p. :
Other physical details ill. ;
Dimensions 23 cm.
440 #0 - SERIES STATEMENT/ADDED ENTRY--TITLE
Title Exam cram
9 (RLIN) 24540
500 ## - GENERAL NOTE
General note "Comptia certified computer technician."
504 ## - BIBLIOGRAPHY, ETC. NOTE
Bibliography, etc. note Includes bibliographical references and index.
610 20 - SUBJECT ADDED ENTRY--CORPORATE NAME
Corporate name or jurisdiction name as entry element Computing Technology Industry Association
General subdivision Examinations
-- Study guides.
9 (RLIN) 25648
650 #0 - SUBJECT ADDED ENTRY--TOPICAL TERM
Topical term or geographic name entry element Computer technicians
General subdivision Certification.
9 (RLIN) 25649
650 #0 - SUBJECT ADDED ENTRY--TOPICAL TERM
Topical term or geographic name entry element Microcomputers
General subdivision Maintenance and repair
-- Examinations
-- Study guides.
9 (RLIN) 25650
700 1# - ADDED ENTRY--PERSONAL NAME
Personal name Landis, Craig.
9 (RLIN) 25651
906 ## - LOCAL DATA ELEMENT F, LDF (RLIN)
a 7
b cbu
c orignew
d 1
e ocip
f 19
g y-gencatlg
942 ## - ADDED ENTRY ELEMENTS (KOHA)
Source of classification or shelving scheme Dewey Decimal Classification
Koha item type Books like text book referance book
Suppress in OPAC No
Holdings
Withdrawn status Lost status Source of classification or shelving scheme Damaged status Not for loan Collection code Home library Current library Shelving location Date acquired Total Checkouts Full call number Barcode Date last seen Copy number Price effective from Koha item type
    Dewey Decimal Classification     Non-fiction Wondo Genet Library Wondo Genet Library General Stacks 12/28/2021   621.39/16/0288 JON 1998 WGCFNRL00009751 12/28/2021 1 12/28/2021 Books like text book referance book